[Event "Salekhard-ch"]
[Site "Salekhard"]
[Date "2015.01.29"]
[Round "3"]
[White "Vastikhin , Kirill"]
[Black "Khosroev, Yuri"]
[Result "1-0"]
[WhiteElo "1303"]
[BlackElo "1056"]
[PlyCount "57"]
[EventDate "2015.01.23"]
[EventType "swiss"]
[EventRounds "9"]
[EventCountry "RUS"]
[SourceTitle "CBM 164 Extra"]
[Source "ChessBase"]
[SourceDate "2015.03.02"]
[SourceVersion "1"]
[SourceVersionDate "2015.03.02"]
[SourceQuality "1"]

1. e4 e5 2. Nf3 Nc6 3. Nc3 Nf6 4. d4 Bb4 5. Bg5 0-0 6. dxe5 h6 7. exf6 hxg5 8. fxg7 Kxg7 9. a3 Bc5 10. Qd5 Be7 11. 0-0-0 d6 12. Bc4 Be6 13. Qd3 g4 14. Nd2 Ne5 15. Qe2 Bd7 16. h3 gxh3 17. gxh3 Rh8 18. f4 Ng6 19. f5 Nf4 20. Qf3 Bg5 21. Rdg1 f6 22. Qxf4 Kf8 23. Qf3 Qe7 24. Nd5 Qd8 25. Rg4 c6 26. Nf4 Ke8 27. h4 Bh6 28. Ng6 Rg8 29. Bxg8 1-0